000
00319nam a22001337a 4500
008
170401b xxu||||| |||| 00| 0 eng d
020
_a
03903995
041
_a
eng
080
_a
574
100
_a
9
101
_a
SHM
245
_a
THE NATIONAL ARBORETUM BOOK OF OUTSTANDING GARDEN PLANTS
_c
HERITEAU, J
942
_2
udc
_c
BK
999
_c
9411
_d
9411